000 00877 a2200205 4500
005 20240604143713.0
010 _aB-747179-180 E.N.A./7.11.22 ENG-140576
020 _a9789355011534
_c899.00
035 _aB-747179-180
035 _aEN-124108
037 _bAKPD
082 _a000
100 _aAggarwal, R.S.
_967328
245 _aA Modern Approach to Verbal & Non -Verbal Reasoning/
_cR.S. Aggarwal
260 _aNew Delhi
_bS Chand And Company
_c2022
270 _aBlock B-1, House no-D-1, Grund Floor, Mohan Co- operative Industrial Estate,
_bNew Delhi
_e110044
300 _aVarious p.
_c27cm(pbk)
942 _2ddc
_cEN
_mAGG
_h000
999 _c193936
_d193936